000
00337nam a2200133Ia 4500
008
231017s9999 xx 000 0 und d
082
_a
625.729
082
_b
NEW
245
0
_a
New construction and rehabilitation cost guide for highways
245
0
_c
British Columbia
260
_b
British Columbia
300
_c
30cm
942
_c
REP
999
_c
605860
_d
605860